000 00651nam a2200229Ia 4500
005 20260429112205.0
008 260429s9999||||xx |||||||||||||| ||und||
020 _a9789356811003
041 _aEnglish
082 _a363.7
_bHUS
100 _aHussain, Majid
245 0 _aEnvironment and ecology :
_bbiodiversity, climate change and disaster management /
_cMajid Hussain
250 _a6th ed.
260 _aHaryana :
_bG K Publications (P) Ltd,
_c2023.
300 _axxxi, p.; pbk
650 _a Biodiversity
650 _a Climate change
650 _a Disaster management
650 _a Ecology
650 _aEnvironment
942 _cTB
999 _c52814
_d52814